The NURBS book

Αποθηκεύτηκε σε:
Λεπτομέρειες βιβλιογραφικής εγγραφής
Κύριος συγγραφέας: Piegl, Les A.
Άλλοι συγγραφείς: Tiller, Wayne, 1942-
Μορφή: Βιβλίο
Γλώσσα:English
Δημοσίευση: Berlin : Springer, c1997.
Έκδοση:2nd ed.
Σειρά:Monographs in visual communication
Θέματα:
Ετικέτες: Προσθήκη ετικέτας
Δεν υπάρχουν, Καταχωρήστε ετικέτα πρώτοι!

MARC

LEADER 00000cam a2200000 i 4500
001 1/16083
008 001201s1997 gw | ||| |||| ||eng||
020 |a 3540615458 
035 |l 10065648 
040 |a GR-MyUa  |b gre  |e AACR2 
041 0 |a eng 
082 7 |a 620.0042   |2 (22) 
100 1 |a Piegl, Les A. 
245 1 4 |a The NURBS book /   |c Les Piegl, Wayne Tiller. 
250 |a 2nd ed. 
260 |a Berlin :   |b Springer,   |c c1997. 
300 |a xiv, 646 σ. :   |b εικ. ;   |c 24 εκ. 
490 1 |a (Monographs in visual communications) 
504 |a Βιβλιογραφία: σ. [629]-639. Ευρετήριο. 
650 0 |a Spline theory  |x Data processing. 
650 0 |a Computer-aided design. 
700 1 |a Tiller, Wayne,   |d 1942- 
830 0 |a Monographs in visual communication 
852 |a INST  |b SYROS  |e 20010122  |h 620.0042 PIE  |p 005500001741  |q 005500001741  |t BK  |y 0 
852 |a INST  |b SYROS  |e 20001201  |h 620.0042 PIE  |p 005500001918  |q 005500001918  |t BK  |y 0 
901 |a BIBL5-2000-3 
922 |a 5ΕΛΗ  |b 200012  |c Γραφικών Τεχνών  |d LEADER BOOKS 
922 |a 5ΕΛΗ  |b 200012  |c Γραφικών Τεχνών  |d Μιχαλόπουλος 
950 |a 183-2000-12-09 
970 |a Κοντού  |b Παρασκευή  |z 01/12/2000